Logo BPK

Biblioteka

Politechniki Koszalińskiej

Wpływ kationowych dodatków adhezyjnych na właściwości gruntów stabilizowanych asfaltem AUG / (Rekord nr 17454)

Szczegóły MARC
000 -ETYKIETA REKORDU
podpole kontrolne o stałej długości 00403nam a2200145 i 4500
001 - NUMER KONTROLNY REKORDU
pole kontrolne bg
040 ## - ŹRÓDŁO KATALOGOWANIA
Instytucja, która utworzyła rekord BPK
041 ## - KOD JĘZYKA
Kod języka tekstu pol
080 ## - UNIWERSALNA KLASYFIKACJA DZIESIĘTNA - UKD
UKD 691.16:625
008 - POLE O STAŁEJ DŁUGOŚCI - DANE KONTROLNE
podpole kontrolne o stałej długości s pl f |000 0 pol
100 1# - NAZWA OSOBOWA
Nazwa osobowa DZIEDZIUK, Jan
245 #0 - TYTUŁ/ODPOWIEDZIALNOŚĆ
Tytuł Wpływ kationowych dodatków adhezyjnych na właściwości gruntów stabilizowanych asfaltem AUG /
Pozostałe elementy strefy tytułu i oznaczenia odpowiedzialności Jan Dziedziuk.
260 ## - STREFA ADRESU WYDAWNICZEGO
Miejsce wydania Kraków,
Data publikacji, dystrybucji/powstania dokumentu 1976.
856 ## - LOKALIZACJA I DOSTĘP DO ELEKTRONICZNYCH DOKUMENTÓW ZDALNYCH
Link (URL) http://koha.tu.koszalin.pl/cgi-bin/koha/opac-detail.pl?biblionumber=17454
Tekst linku Katalog online BPK
942 ## - DODATKOWE ELEMENTY (KOHA)
Typ dokumentu Książka
Egzemplarze
Wycofany Status egzemplarza Uszkodzony Dostępność Lokalizacja stała Lokalizacja bieżąca Miejsce przechowywania Sygnatura Kod kreskowy Typ dokumentu
      Dostępny Biblioteka Politechniki Koszalińskiej Biblioteka Politechniki Koszalińskiej Wypożyczalnia BG 22234 01680997 Książka
© 2023 Biblioteka Politechniki Koszalińskiej :: KOHA